USA/Canadian Subdivisions that Ethaboo444 has been to by Flag Maps - Statistics

General Stats
  • This quiz has been taken 29 times
  • The average score is 18 of 21
Answer Stats
Picture Answer % Correct
Ontario
91%
Delaware
87%
Florida
87%
Indiana
87%
Maryland
87%
Massachusetts
87%
Michigan
87%
New Hampshire
87%
New York
87%
South Carolina
87%
Vermont
87%
Virginia
87%
West Virginia
87%
Georgia
83%
Illinois
83%
New Jersey
83%
North Carolina
83%
Ohio
83%
Pennsylvania
83%
Connecticut
78%
Washington D.C.
78%
No matching quizzes found
Score Distribution
Percent of People with Each Score
Percentile by Number Answered
Your Score History
You have not taken this quiz